Нуклеиновые кислоты: от А до Я: пер. с англ.

Detaylı Bibliyografya
Diğer Yazarlar: Мюллер С. Сабина (редактор)
Özet:В научном издании, написанном коллективом авторов из Германии и других европейских стран, а также из России, США и Израиля, на современном уровне рассмотрены практически все аспекты, связанные со строением, синтезом, модификацией, функционированием ДНК и РНК. Даны определения ключевых биохимических терминов и понятий, а также некоторые механизмы в сопровождении наглядных рисунков и схем. Книгу можно использовать как настольное справочное издание в научной лаборатории и учебном процессе.Для научных сотрудников (в том числе в смежных областях), преподавателей, студентов.
Dil:Rusça
Baskı/Yayın Bilgisi: Москва, БИНОМ. Лаборатория знаний, 2013
Konular:
Materyal Türü: MixedMaterials Kitap
KOHA link:https://koha.lib.tpu.ru/cgi-bin/koha/opac-detail.pl?biblionumber=231243

MARC

LEADER 00000nam0a2200000 4500
001 231243
005 20231101231051.0
010 |a 9785996303762 
035 |a (RuTPU)RU\TPU\book\252259 
090 |a 231243 
100 |a 20130130d2013 k y0rusy50 ca 
101 1 |a rus  |c eng 
102 |a RU 
105 |a a e 001zy 
200 1 |a Нуклеиновые кислоты: от А до Я  |e пер. с англ.  |f под ред. С. Мюллер 
210 |a Москва  |c БИНОМ. Лаборатория знаний  |d 2013 
215 |a 413 с.  |c ил. 
320 |a Библиогр.: с. 409-412. 
330 |a В научном издании, написанном коллективом авторов из Германии и других европейских стран, а также из России, США и Израиля, на современном уровне рассмотрены практически все аспекты, связанные со строением, синтезом, модификацией, функционированием ДНК и РНК. Даны определения ключевых биохимических терминов и понятий, а также некоторые механизмы в сопровождении наглядных рисунков и схем. Книгу можно использовать как настольное справочное издание в научной лаборатории и учебном процессе.Для научных сотрудников (в том числе в смежных областях), преподавателей, студентов. 
606 1 |a Нуклеиновые кислоты  |x (биохимия)  |2 stltpush  |3 (RuTPU)RU\TPU\subj\46339  |9 65483 
610 1 |a ДНК 
610 1 |a РНК 
610 1 |a строение 
610 1 |a синтез 
610 1 |a модификации 
610 1 |a функционирование 
610 1 |a термины 
610 1 |a определения 
610 1 |a словари 
675 |a 577.113(038)  |v 3 
702 1 |a Мюллер  |b С.  |g Сабина  |4 340 
801 1 |a RU  |b 63413507  |c 20130130 
801 2 |a RU  |b 63413507  |c 20170906  |g RCR 
942 |c BK 
959 |a 13/20130130  |d 1  |e 624,00  |f ЧЗТЛ:1